[Event "Rio Clao IRT Interior op"]
[Site "Rio Claro"]
[Date "2012.11.04"]
[Round "5"]
[White "Dos Santos, Jose Carlos Jr"]
[Black "Vieira dos Santos, Jose Eduardo"]
[Result "0-1"]
[WhiteElo "1807"]
[BlackElo "1800"]
[PlyCount "64"]
[EventDate "2012.11.02"]
[EventType "swiss"]
[EventRounds "6"]
[EventCountry "BRA"]
[SourceTitle "CBM 151 Extra"]
[Source "ChessBase"]
[SourceDate "2012.12.18"]
[SourceVersion "1"]
[SourceVersionDate "2012.12.18"]
[SourceQuality "1"]

1. e4 c5 2. Nf3 Nc6 3. Bb5 a6 4. Bxc6 bxc6 5. d3 d6 6. h3 e5 7. 0-0 Nf6 8. Nbd2 Be7 9. Nc4 Be6 10. Qe2 Bxc4 11. dxc4 h6 12. Rd1 Nd7 13. b3 0-0 14. Qd3 Ra7 15. Nh2 f5 16. exf5 Nf6 17. f3 Rd7 18. Bb2 Qb6 19. Ng4 Rfd8 20. Qe3 Nh5 21. Nxh6+ gxh6 22. Qxh6 Nf4 23. f6 Bxf6 24. Qxf6 Rf7 25. Qh4 Rh7 26. Qg4+ Rg7 27. Qf5 Rf8 28. Qe4 Rxg2+ 29. Kh1 Qd8 30. Rg1 Qg5 31. Qe1 Rf7 32. h4 Rh7 0-1

[Event "Rio Clao IRT Interior op"]
[Site "Rio Claro"]
[Date "2012.11.03"]
[Round "3"]
[White "Sampaio, Jose Luis"]
[Black "Dos Santos, Jose Carlos Jr"]
[Result "1-0"]
[WhiteElo "1955"]
[BlackElo "1807"]
[PlyCount "92"]
[EventDate "2012.11.02"]
[EventType "swiss"]
[EventRounds "6"]
[EventCountry "BRA"]
[SourceTitle "CBM 151 Extra"]
[Source "ChessBase"]
[SourceDate "2012.12.18"]
[SourceVersion "1"]
[SourceVersionDate "2012.12.18"]
[SourceQuality "1"]

1. Nf3 Nf6 2. c4 c5 3. Nc3 e6 4. e4 d6 5. d4 cxd4 6. Nxd4 Nc6 7. Be2 Be7 8. Be3 0-0 9. 0-0 Nxd4 10. Qxd4 Bd7 11. a4 Qa5 12. Qd2 Bc6 13. Nd5 Qd8 14. Nxe7+ Qxe7 15. f3 Rfd8 16. Bg5 h6 17. Bh4 Rd7 18. Qb4 a5 19. Qa3 g5 20. Bf2 Nh5 21. Rfd1 Nf4 22. Bf1 e5 23. Rd2 Ne6 24. Qc3 Nc5 25. b3 b6 26. Bd3 Rad8 27. Bc2 Ra8 28. Rad1 Rad8 29. Be3 f6 30. Re2 Kg7 31. Qe1 Qf7 32. Qg3 Qg6 33. h4 Rh8 34. Red2 Rhd8 35. Qh3 Qh5 36. hxg5 Qxh3 37. gxf6+ Kxf6 38. gxh3 h5 39. Rg2 Kf7 40. Kf2 Rg8 41. Rdg1 Rxg2+ 42. Rxg2 Rd8 43. Rg5 Rh8 44. h4 Be8 45. Rf5+ Kg7 46. Bg5 Rf8 1-0